Nghiên cứu ứng dụng chế phẩm sinh học từ vi khuẩn Bacillus sp. để quản lý bệnh đốm nâu do nấm Neoscytalidium dimidiatum trên thanh long ruột đỏ (Hylocereus polyrhizus) : Luận văn tốt nghiệp Cao học. Chuyên ngành Bảo vệ thực vật

Đánh giá hiệu quả đối kháng của chế phẩm sinh học từ vi khuẩn Bacillus sp. đối với nấm Neoscytalidium dimidiatum gây bệnh đốm nâu trên thanh long trong điều kiện phòng thí nghiệm. Đánh giá hiệu quả kiểm soát của chế phẩm sinh học từ vi khuẩn B...

पूर्ण विवरण

में बचाया:
ग्रंथसूची विवरण
मुख्य लेखक: Đỗ, Hoàng Duy
स्वरूप: पुस्तक
भाषा:Undetermined
प्रकाशित: Cần Thơ Trường Đại học Cần Thơ 2019
विषय:
टैग : टैग जोड़ें
कोई टैग नहीं, इस रिकॉर्ड को टैग करने वाले पहले व्यक्ति बनें!
Thư viện lưu trữ: Trung tâm Học liệu Trường Đại học Cần Thơ
LEADER 01502nam a2200229Ia 4500
001 CTU_231759
008 210402s9999 xx 000 0 und d
082 |a 632.4 
082 |b D523 
088 |a 8620112 
100 |a Đỗ, Hoàng Duy 
245 0 |a Nghiên cứu ứng dụng chế phẩm sinh học từ vi khuẩn Bacillus sp. để quản lý bệnh đốm nâu do nấm Neoscytalidium dimidiatum trên thanh long ruột đỏ (Hylocereus polyrhizus) : 
245 0 |b Luận văn tốt nghiệp Cao học. Chuyên ngành Bảo vệ thực vật 
245 0 |c Đỗ Hoàng Duy ; Trần Vũ Phến (Cán bộ hướng dẫn) 
260 |a Cần Thơ 
260 |b Trường Đại học Cần Thơ 
260 |c 2019 
520 |a Đánh giá hiệu quả đối kháng của chế phẩm sinh học từ vi khuẩn Bacillus sp. đối với nấm Neoscytalidium dimidiatum gây bệnh đốm nâu trên thanh long trong điều kiện phòng thí nghiệm. Đánh giá hiệu quả kiểm soát của chế phẩm sinh học từ vi khuẩn Bacillus sp. đối với bệnh đốm nâu gây hại trên thanh long trong điều kiện nhà lưới và ngoài đồng. 
650 |a Mushrooms,Nấm 
650 |x Diseases and pests,Bệnh và sâu bệnh 
910 |b nthai 
980 |a Trung tâm Học liệu Trường Đại học Cần Thơ